000 00475nam a2200193Ia 4500
008 151121s9999||||xx |||||||||||||| ||und||
082 _a600/MON
082 _bHNW-4367
100 _aMontaigne Marie
245 _aHaw To Be Beautiful
260 _b"Harper & Brothers Pub, N।Y।"
260 _c--
300 _a143
600 _aMontaigne Marie
630 _aHaw To Be Beautiful
700 _aMontaigne Marie
730 _aHaw To Be Beautiful
942 _cBOOK
999 _c1212630
_d1212627